logo

Bir Sreshtho Munshi Abdur Rouf Library
Jhenaidah Cadet College

দেশী ও বিদেশী রান্না / (Record no. 9894)

MARC details
000 -LEADER
fixed length control field 00619nam a2200217 a 4500
001 - CONTROL NUMBER
JCCL Control Number 9894
003 - CONTROL NUMBER IDENTIFIER
JCCL marc code BD-JhCC
005 - DATE AND TIME OF LATEST TRANSACTION
control field 20180403100515.0
008 - FIXED-LENGTH DATA ELEMENTS--GENERAL INFORMATION
fixed length control field 180403s1386 bg |||| ||a| 000 0 ben d
035 ## - SYSTEM CONTROL NUMBER
system control number (BD-JhCC)9894
040 ## - CATALOGING SOURCE
Original cataloging agency BD-JhCC
Modifying agency BD-JhCC
041 ## - LANGUAGE CODE
Language code of Book ben
082 ## - DEWEY DECIMAL CLASSIFICATION NUMBER
Classification number 641.6
Author mark and Year ALI 1386
100 ## - MAIN ENTRY--PERSONAL NAME
Personal name আলীম, সেলিমা
245 ## - TITLE STATEMENT
Title দেশী ও বিদেশী রান্না /
Statement of responsibility, etc সেলিমা আলীম,
260 ## - PUBLICATION, DISTRIBUTION, ETC. (IMPRINT)
Place of publication, distribution, etc ঢাকা :
Name of publisher, distributor, etc কথা প্রকাশন,
Date of publication, distribution, etc 1386
300 ## - PHYSICAL DESCRIPTION
Pagination 390 p. :
Dimensions 24 cm.
650 ## - SUBJECT ADDED ENTRY--TOPICAL TERM
Topical term or geographic name as entry element Cooking
942 ## - ADDED ENTRY ELEMENTS (KOHA)
Source of classification or shelving scheme Dewey Decimal Classification
Koha item type Books
Holdings
Source of classification or shelving scheme Damaged status Not for loan Home library Current library Shelving location Date of accession Cost, normal purchase price Total Checkouts Full call number Barcode Date last seen Copy number Koha item type
Dewey Decimal Classification     JCC Rouf Library JCC Rouf Library General Stacks 04/03/2018 30.00   641.6 ALI 1386 11063 04/03/2018 C-1 Books

JCC Library | Contacts | JCC Home

Last Update on 23 September 2017
Copyright @ 2017-2020 JCC Rouf Library
Rouf Library, Jhenidah Cadet College (JCC), Bangladesh